MDQL
is popping MORE tags! Check the
thread
!
Quizzes
Events
Quiz Creation
Community
Videos
Private Events
Remove Ads
Sign In
Join for FREE
Feedback
Dark Mode
Quiz Categories
Sports
Geography
Music
Movies
Television
Just For Fun
Miscellaneous
History
Literature
Language
Science
Gaming
Entertainment
Religion
Holiday
For Kids
Quiz Lab
Recent
Popular Today
Quiz Kudos Today
Editor Picks
Curator Picks
Quizzes by...
Day
Popularity
Type
Ratings
Length
Year
Community
Subscriptions
Recent Discussions
Orange Saloon
Badges
Playlists
Quests
Create
Leaderboards
Showdown
Live 5
Trivia Bingo
Activity
Puzzle Library
Sporcle Events
Private Events
Virtual Trivia
Globe League
Become a Host
Pub Owners
SporcleCon
Opinionation
Our Games
Videos
Blog
Mobile Apps
Partnerships
Remove Ads and Go Orange
Feedback
Sports
Athletes
MLB
NBA
NHL
NFL
Soccer
Sports Teams
WWE
NCAA
Football
Premier League
Basketball
Baseball
Hockey
Golf
Tennis
Cricket
Rugby
Auto Racing
Olympics
World Cup
Sports
Athletes
MLB
NBA
NHL
NFL
Soccer
Sports Teams
WWE
NCAA
Football
Premier League
Basketball
Baseball
Hockey
Golf
Tennis
Cricket
Rugby
Auto Racing
Olympics
World Cup
Random Quiz
Search Sporcle
×
Quiz Lab
Quiz Lab
Sports
French
Type in answers that appear in a list
Type in answers that appear in a list
Classic
Best Score? Go Orange.
Olympique Lyonnais: Coupe de France last opponents Stats
Can you name the last opponents of Olympique Lyonnais for each edition of the Coupe de France?
By
pitchorneirda
7m
67 Questions
243 Plays
243 Plays
243 Plays
Comments
Comments
Give Quiz Kudos
Give Quiz Kudos
-
- Ratings
hide this ad
Replay
Link that replays current quiz
Next Quiz
Link to next quiz in quiz playlist
You Got
0%
They Got
Avg Score
70%
Avg Friend Score
Upgrade to see
Score Distribution
Jump to the score distribution portion of the page
Score
0/67
Timer
07:00
0
Plays Today
Year
Club
% Correct
2008
Paris Saint-Germain
98.8%
2016
Paris Saint-Germain
98.6%
1976
Olympique de Marseille
97.9%
1987
Olympique de Marseille
97.9%
2006
Olympique de Marseille
97.9%
2007
Olympique de Marseille
97.9%
2017
Olympique de Marseille
97.9%
1998
RC Lens
93.4%
2014
RC Lens
93.4%
1997
LOSC Lille
93%
2009
LOSC Lille
93%
1960
AS Monaco
92.6%
1963
AS Monaco
92.6%
1964
Girondins Bordeaux
92.6%
2000
AS Monaco
92.6%
2004
AS Monaco
92.6%
2010
AS Monaco
92.6%
1973
FC Nantes
92.2%
2015
FC Nantes
92.2%
1955
OGC Nice
90.1%
1957
OGC Nice
90.1%
2011
OGC Nice
90.1%
1959
Stade rennais
88.9%
1970
Stade rennais
88.9%
1971
Stade rennais
88.9%
1996
AJ Auxerre
87.7%
1952
RC Strasbourg
86.4%
2001
RC Strasbourg
86.4%
1966
Toulouse FC
84.4%
1988
Toulouse FC
84.4%
1979
Montpellier HSC
82.7%
1958
Stade Reims
78.2%
1975
Stade Reims
78.2%
1972
Brest Armorique
77.4%
Year
Club
% Correct
1985
Brest Armorique
77.4%
1968
US Quevilly
77%
2012
US Quevilly
77%
1967
FC Sochaux
76.5%
1974
FC Sochaux
76.5%
1989
FC Sochaux
76.5%
1954
AS Troyes
67.9%
1982
SC Bastia
67.5%
1953
Grenoble Foot 38
67.1%
1969
Angers SCO
66.7%
1991
Angers SCO
66.7%
1995
Angers SCO
66.7%
1956
UA Sedan-Torcy
64.2%
1990
Nîmes Olympique
64.2%
2005
Clermont Foot
58.8%
1984
Red Star
55.1%
1983
Tours FC
53.5%
1951
Sporting Toulon Var
48.6%
1965
Sporting Toulon Var
48.6%
1994
Stade lavallois
46.9%
1999
LB Châteauroux
44.9%
2002
LB Châteauroux
44.9%
2013
SAS Épinal
42%
1992
FC Istres
39.1%
1961
Racing Paris
35.4%
1981
FC Martigues
31.3%
1977
FC Gueugnon
30.9%
2003
Libourne Saint-Seurin
28%
1978
Gazélec Ajaccio
17.3%
1962
FC Béziers
16.9%
1980
AS Angoulême
15.6%
1986
Olympique Alès
14.4%
1993
Pont Saint-Esprit
9.5%
Quiz Playlist
Details
Report
Send in Message
Add To Playlist
Classic:
Type in answers that appear in a list
Last Updated: Apr 27, 2017
Quiz Scoreboard
CHALLENGE
Sign Up to Join the Scoreboard
Show All
Scores
Hide
Comments
May contain spoilers
Recently Published
Street Fighter Characters
by Artimus82
Gaming
60s
9x9 Crossword: Cartoon Network
by jackfrog10
Miscellaneous
3m
College Basketball Coaching Resumes
by pancakes188
Sports
9m
More to Explore
Quiz From the Vault
Featured Blog Post
Where Did the Easter Bunny Come From?
hide this ad
You Might Also Like...
Tags
French Quiz
Soccer Quiz
cup
Cup National
France
Lyon
opponent
Tournament Opponents
Today's Top Quizzes in Sports
Browse Sports
hide this ad
Today's Top Quizzes in French
Browse French
Top Contributed Quizzes in Sports
1
2022 World Cup Stars
2
Les meilleurs buteurs des matchs entre le PSG et l’OM
3
FIFA Club World Cup Champions
4
Les entraîneurs de l'OM et du PSG au 21e siècle
5
Criteria MLB: Left Handed Sluggers
6
2023 MLB Unique Player Accomplishments
7
AFC Teams Reveal (Wrong Answers Minefield)
8
5-to-1: FBS Animal Nicknames
9
Players with Multiple 50 Home Run Seasons
10
5-to-1: UK Sports Teams
Explore More
Trending Topics
Kpop
NBA
Harry Potter
Marvel
Disney
Anime
Crossword
Song
Country
The Office
Pokémon
Puzzle
WWE
NFL
Soccer
hide this ad
More By:
pitchorneirda
Quiz
Plays
Rating
Category
Featured
Created
Premier League: Top 5 Finishes Minefield
180,197
4.66
Sports
Jun 29, 2016
Soccer: English Top 5 by Decade
139,993
4.76
Sports
Sep 7, 2016
5x5 Math Grid Puzzle
111,053
4.77
Science
May 1, 2017
6x6 Math Grid Puzzle II
90,757
4.74
Science
May 24, 2017
6x6 Math Grid Puzzle
89,236
4.49
Science
May 2, 2017
Go to Creator's Profile
Score Distribution
Quiz Creator Spotlight
pitchorneirda
Follow
Send a Message
Quizzes Created
-
Created Quiz Play Count
-
More By This Creator
Popular Quizzes Today
1
Find the US States - No Outlines Minefield
2
Find the Countries of Europe - No Outlines Minefield
3
The Countries of the World
4
Find the US States
5
Risky Map Clicking: Biggest States A-Z
6
US States
7
Popular People in 1961
8
Movies - When Are They Set?
More Sports Quizzes
100+ Receptions: Pittsburgh Steelers, 2000-2020
Published
Trending Quizzes
Risky Map Clicking: Least Populous States A-Z
Countries of the World: 200 Million BC
1-10 Letter G Words
Risky Map Clicking: Next State Alphabetically
Adjectives in 80s TV Shows
Recently Updated
Leaping Animals
pecheneg
Reality TV Shows (A-Z)
bhenderson79
Rickey Henderson's Hall of Fame Teammates
pecheneg
Champions League XIs: Arsenal
pecheneg
Quick Pick: Celebrities in WWE's Hall of Fame
aduchscher
A-Z Keypad Blitz II
pecheneg
Multiple Oscar Actors
pecheneg
Mystery Phrase Blitz: Oscar 'Best Actors'
pecheneg
F. Scott Fitzgerald Novels
LTH
Pick 3 Villains
ddd62291
Trending Topics
Marvel
Kpop
Disney
Crossword
NBA
Harry Potter
Anime
Song
Country
Soccer
Puzzle
Pokémon
The Office
NFL
WWE
Your Account Isn't Verified!
In order to create a playlist on Sporcle, you need to verify the email address you used during registration. Go to your
Sporcle Settings
to finish the process.
Report this User
Report this user for behavior that violates our
Community Guidelines
.
Details:
Send Report
Go to the Sporcle.com Mobile Site →
Comments